000 00271nam a22001097a 4500
008 230704b xxu||||| |||| 00| 0 eng d
082 _a362.2
_bWHI 1988
245 _aThe White House Conference for a Drug Free America
260 _c1988
300 _a238p
942 _2ddc
_cBK
999 _c3941
_d3941